Catalog

Record Details

Catalog Search



Interdisciplinary Concepts in Cardiovascular Health Volume II: Secondary Risk Factors  Cover Image E-book E-book

Interdisciplinary Concepts in Cardiovascular Health [electronic resource] : Volume II: Secondary Risk Factors / edited by Ichiro Wakabayashi, Klaus Groschner.

Record details

  • ISBN: 9783319010502
  • Physical Description: XIII, 137 p. 22 illus., 18 illus. in color. online resource.
  • Publisher: Cham : Springer International Publishing : 2013.
Subject: Medicine.
Metabolic diseases.
Biomedicine.
Molecular Medicine.
Metabolic Diseases.
Health Promotion and Disease Prevention.

Electronic resources


LDR 01560nam a22004095i 4500
00120055
003CONS
00520131019082220.0
007cr nn 008mamaa
008131016s2013 gw | s |||| 0|eng d
020 . ‡a9783319010502 ‡9978-3-319-01050-2
0247 . ‡a10.1007/978-3-319-01050-2 ‡2doi
035 . ‡a(DE-He213)978-3-319-01050-2
050 4. ‡aQH506
072 7. ‡aMBGR ‡2bicssc
072 7. ‡aPSD ‡2bicssc
072 7. ‡aSCI049000 ‡2bisacsh
072 7. ‡aMED067000 ‡2bisacsh
1001 . ‡aWakabayashi, Ichiro. ‡eeditor.
24510. ‡aInterdisciplinary Concepts in Cardiovascular Health ‡h[electronic resource] : ‡bVolume II: Secondary Risk Factors / ‡cedited by Ichiro Wakabayashi, Klaus Groschner.
264 1. ‡aCham : ‡bSpringer International Publishing : ‡bImprint: Springer, ‡c2013.
300 . ‡aXIII, 137 p. 22 illus., 18 illus. in color. ‡bonline resource.
336 . ‡atext ‡btxt ‡2rdacontent
337 . ‡acomputer ‡bc ‡2rdamedia
338 . ‡aonline resource ‡bcr ‡2rdacarrier
347 . ‡atext file ‡bPDF ‡2rda
650 0. ‡aMedicine.
650 0. ‡aMetabolic diseases.
65014. ‡aBiomedicine.
65024. ‡aMolecular Medicine.
65024. ‡aMetabolic Diseases.
65024. ‡aHealth Promotion and Disease Prevention.
7001 . ‡aGroschner, Klaus. ‡eeditor.
7102 . ‡aSpringerLink (Online service)
7730 . ‡tSpringer eBooks
77608. ‡iPrinted edition: ‡z9783319010496
85640. ‡uhttp://biblioteca.ipicyt.edu.mx:2048/login?url=http://dx.doi.org/10.1007/978-3-319-01050-2 ‡yTexto completo ‡9CONS
950 . ‡aBiomedical and Life Sciences (Springer-11642)
901 . ‡a20055 ‡b ‡c20055 ‡tbiblio ‡sSystem Local

Additional Resources